00718 2200205 4500001002100000005001700021008004100038035002500079040001200104082002000116084003000136100005000166245011600216260005500332300003900387500003100426650002100457850001200478990002200490INLIS00000000002070320160603092629.0  a0010-061600000000114 aYOPDYOG a332.67395982315 aDEP 332.67395982315 Bad L aBADAN PERENCANAAN PEMBANGUNAN DAERAH [Sleman] aLaporan Akhir Perencanaan Pengembangan Investasi Daerah Kabpaten Slemanc/ Badan Perencanaan Pembangunan Daerah aSlemanbBadan Perencanaan Pembangunan Daerahc2014 avi, [40] lembar.b: ilus.c; 30 cm aBibliografi : hlm. [39-40] aInvestasi-Sleman aYOPDYOG aCB-D.11/2014-2130